[Event "Asnieres Challenge blitz"]
[Site "Asnieres sur Seine"]
[Date "2017.06.10"]
[Round "8.1"]
[White "Karagyozian, Edgar"]
[Black "Sotelo, Renzo"]
[Result "1-0"]
[WhiteElo "2360"]
[BlackElo "2070"]
[PlyCount "165"]
[EventDate "2017.06.10"]
[EventType "swiss (blitz)"]
[EventRounds "15"]
[EventCountry "FRA"]
[SourceTitle "EXT 2024"]
[Source "ChessBase"]
[SourceDate "2023.10.10"]
[SourceVersion "1"]
[SourceVersionDate "2023.10.10"]
[SourceQuality "1"]

1. d4 Nf6 2. Nf3 d5 3. Bf4 g6 4. Nbd2 Bg7 5. e3 0-0 6. Bd3 b6 7. 0-0 c5 8. c3 Bb7 9. Qe2 Nbd7 10. h3 e6 11. Rfd1 Rc8 12. Ba6 Bxa6 13. Qxa6 Ra8 14. a4 Qc8 15. Qe2 a5 16. Qb5 Qa6 17. Qb3 Rfc8 18. Rac1 c4 19. Qa2 b5 20. b3 cxb3 21. Qxb3 bxa4 22. Qxa4 Nb6 23. Qa2 Nc4 24. Ne5 Nxd2 25. Rxd2 Ne4 26. Rdc2 f6 27. Nf3 Rc4 28. Ne1 Rac8 29. Qa3 Bf8 30. Qb2 a4 31. f3 a3 32. Qb3 Nd6 33. Bxd6 Bxd6 34. Nd3 Qc6 35. Qa2 e5 36. dxe5 fxe5 37. Nf2 Kg7 38. Nd1 d4 39. exd4 exd4 40. Qa1 d3 41. Rd2 Bf4 42. Rxd3 Bxc1 43. Qxc1 Qc5+ 44. Kh1 Rc7 45. Qd2 Qc6 46. Qe2 Qf6 47. Qa2 Qf5 48. Rd2 Qc5 49. Qc2 Re7 50. Nf2 Re1+ 51. Kh2 Qe5+ 52. g3 Rc7 53. Nd3 Qe3 54. Nxe1 Qxe1 55. Kg2 Re7 56. Rf2 Rb7 57. Qd3 Qe5 58. f4 Qf6 59. f5 Rb2 60. Rxb2 axb2 61. Qd7+ Kh6 62. Qd2+ g5 63. Qxb2 Qxf5 64. Qd2 Qe4+ 65. Kf2 Qf5+ 66. Ke3 Qxh3 67. Qd6+ Kg7 68. Qe7+ Kg6 69. Qd6+ Kg7 70. Qe7+ Kg6 71. Qe8+ Kg7 72. Qe5+ Kg6 73. c4 h5 74. c5 h4 75. Qe8+ Kg7 76. Qe7+ Kg6 77. Qe4+ Qf5 78. c6 h3 79. Qxf5+ Kxf5 80. c7 h2 81. c8Q+ Ke5 82. Qc1 Kf5 83. Qh1 1-0

[Event "Paris BNP-Paribas blitz"]
[Site "Paris"]
[Date "2015.06.13"]
[Round "9"]
[White "Karagyozian, Edgar"]
[Black "Sotelo, Renzo"]
[Result "1-0"]
[WhiteElo "2189"]
[BlackElo "2034"]
[PlyCount "63"]
[EventDate "2015.06.12"]
[EventType "swiss (blitz)"]
[EventRounds "15"]
[EventCountry "FRA"]
[SourceTitle "CBM 167 Extra"]
[Source "ChessBase"]
[SourceDate "2015.09.14"]
[SourceVersion "1"]
[SourceVersionDate "2015.09.14"]
[SourceQuality "1"]

1. d4 d5 2. Nf3 Nf6 3. Bf4 c6 4. e3 Bf5 5. Be2 Nbd7 6. 0-0 e6 7. h3 h6 8. Nbd2 Be7 9. c4 0-0 10. c5 b6 11. b4 a5 12. b5 bxc5 13. bxc6 Nb6 14. c7 Qc8 15. Qb3 Nbd7 16. dxc5 Nxc5 17. Qb5 Ncd7 18. Rfc1 Ne4 19. Nxe4 Bxe4 20. Nd4 Bf6 21. Nc6 Re8 22. Bd6 d4 23. exd4 Bd5 24. Ne5 Nxe5 25. dxe5 Bg5 26. Rc5 f5 27. Rxd5 exd5 28. Qxd5+ Kh7 29. Bd3 Rg8 30. e6 Bf6 31. Qxf5+ g6 32. Qxf6 1-0

[Event "Paris-ch rapid"]
[Site "Paris"]
[Date "2015.??.??"]
[Round "2"]
[White "Maze, Sebastien"]
[Black "Sotelo, Renzo"]
[Result "1-0"]
[WhiteElo "2560"]
[BlackElo "2005"]
[PlyCount "29"]
[EventDate "2015.03.01"]
[EventType "swiss (rapid)"]
[EventCountry "FRA"]
[SourceTitle "EXT 2016"]
[Source "ChessBase"]
[SourceDate "2015.10.08"]
[SourceVersion "1"]
[SourceVersionDate "2015.10.08"]
[SourceQuality "1"]

1. e4 e6 2. d4 d5 3. Nc3 Nf6 4. Bg5 Be7 5. e5 Nfd7 6. f4 a6 7. Nf3 c5 8. Qd2 Nc6 9. Bd3 c4 10. Be2 b5 11. Nd1 Nb6 12. Ne3 g6 13. h4 h5 14. c3 Bd7 15. b4 1-0

[Event "Le Port Marly Paribas blitz op"]
[Site "Le Port Marly"]
[Date "2013.06.15"]
[Round "12"]
[White "Leconte, Maria"]
[Black "Sotelo, Renzo"]
[Result "0-1"]
[WhiteElo "2290"]
[BlackElo "2230"]
[PlyCount "124"]
[EventDate "2013.06.15"]
[EventType "swiss (blitz)"]
[EventRounds "15"]
[EventCountry "FRA"]
[SourceTitle "EXT 2014"]
[Source "ChessBase"]
[SourceDate "2013.11.20"]
[SourceVersion "1"]
[SourceVersionDate "2013.11.20"]
[SourceQuality "1"]

1. e4 e6 2. d3 d5 3. Nd2 Nf6 4. Ngf3 c5 5. g3 Nc6 6. Bg2 Be7 7. 0-0 0-0 8. e5 Nd7 9. Re1 b5 10. Nf1 Bb7 11. h4 Nd4 12. Nxd4 cxd4 13. Nh2 Rc8 14. Bf4 Qa5 15. Ng4 Rfd8 16. Bg5 Bxg5 17. hxg5 Qa4 18. b3 Qb4 19. a3 Qc3 20. Rc1 Rc7 21. Bf3 Rdc8 22. Kg2 Nc5 23. Qe2 Qb2 24. Nf6+ gxf6 25. gxf6 Kf8 26. Qd2 Ke8 27. Qh6 Kd7 28. Qxh7 Kc6 29. b4 Na6 30. Qh4 Kb6 31. c4 dxc3 32. Qd4+ Nc5 33. Rxc3 Ka6 34. Rec1 Na4 35. Rxc7 Qxd4 36. Rxc8 Bxc8 37. Rxc8 Qxe5 38. d4 Qxd4 39. Rc7 Qxf6 40. Be2 Nc3 41. Bd3 Kb6 42. Rc5 a6 43. Bf1 Ne4 44. Rc2 d4 45. Bd3 Nd6 46. f3 e5 47. Rc5 Qe6 48. g4 e4 49. fxe4 Nxe4 50. Rf5 Nd6 51. Rf2 Qe3 52. Rf3 Qd2+ 53. Kg3 Nc4 54. Be4 Ne5 55. Rf6+ Kc7 56. Rf5 Qe3+ 57. Kh4 Qxe4 58. Rf6 Kd7 59. Rf5 Ke7 60. Rxe5+ Qxe5 61. g5 d3 62. Kh5 d2 0-1